Polskie miasta zaczynające się tak samo jak największe miasta Niemiec - Statystyki

Ogólne statystyki
  • Ten quiz został rozwiązany 83 razy
  • Średni wynik to 11 z 15
Statystyki odpowiedzi
Miasto w Niemczech Liczba
polskich
miast
Polskie miasta % Poprawnych
Kolonia 36 Kobylin | Kobylnica | Kobyłka | Kock | Kolbuszowa | Kolno | Kolonowskie | Koluszki | Kołaczyce | Koło | Kołobrzeg | Konin | Koniecpol | Konstancin-Jeziorna | Konstantynów Łódzki | Końskie | Końskowola | Koprzywnica | Korfantów | Koronowo | Korsze | Kosów Lacki | Kostrzyn | Kostrzyn nad Odrą | Koszalin | Koszyce | Kościerzyna | Kościan | Kowal | Kowalewo Pomorskie | Kowary | Koziegłowy | Kozienice | Koźmin Wielkopolski | Koźminek | Kożuchów
96%
Stuttgart 23 Stalowa Wola | Starachowice | Stargard | Starogard Gdański | Stary Sącz | Staszów | Stawiski | Stawiszyn | Stąporków | Stepnica | Stęszew | Stoczek Łukowski | Stopnica | Stronie Śląskie | Strumień | Stryków | Strzegom | Strzelce Krajeńskie | Strzelce Opolskie | Strzeleczki | Strzelin | Strzelno | Strzyżów
92%
Bielefeld 20 Biała | Biała Piska | Biała Podlaska | Biała Rawska | Białaczów | Białobrzegi | Białogard | Biały Bór | Białystok | Biecz | Bielawa | Bielsk Podlaski | Bielsko-Biała | Bieruń | Bierutów | Bieżuń | Biłgoraj | Bircza | Biskupiec | Bisztynek
91%
Lipsk 8 Libiąż | Lidzbark | Lidzbark Warmiński | Limanowa | Lipiany | Lipno | Lipsk | Lipsko
87%
Norymberga 25 Nowa Dęba | Nowa Ruda | Nowa Sarzyna | Nowa Słupia | Nowa Sól | Nowe | Nowe Brzesko | Nowe Miasteczko | Nowe Miasto | Nowe Miasto Lubawskie | Nowe Miasto nad Pilicą | Nowe Skalmierzyce | Nowe Warpno | Nowogard | Nowogrodziec | Nowogród | Nowogród Bobrzański | Nowy Dwór Gdański | Nowy Dwór Mazowiecki | Nowy Korczyn | Nowy Sącz | Nowy Staw | Nowy Targ | Nowy Tomyśl | Nowy Wiśnicz
87%
Bochum, Bonn 16 Bobolice | Bobowa | Bobrowniki | Bochnia | Bodzanów | Bogatynia | Bodzentyn | Boguchwała | Bogoria | Boguszów-Gorce | Bojanowo | Bolesławiec | Bolesławiec | Bolimów | Borek Wielkopolski | Borne Sulinowo
86%
Frankfurt nad Menem 2 Frampol | Frombork
85%
Brema 15 Braniewo | Brańsk | Brodnica | Brody | Brok | Brusy | Brwinów | Brzeg | Brzeg Dolny | Brzesko | Brzeszcze | Brześć Kujawski | Brzeziny | Brzostek | Brzozów
83%
Hamburg, Hanower 2 Hajnówka | Halinów
74%
Monachium 9 Modliborzyce | Mogielnica | Mogilno | Mońki | Morawica | Morąg | Mordy | Moryń | Mosina
69%
Drezno 6 Drawno | Drawsko Pomorskie | Drezdenko | Drobin | Drohiczyn | Drzewica
64%
Dortmund 11 Dobczyce | Dobiegniew | Dobra | Dobra | Dobre | Dobre Miasto | Dobrodzień | Dobrzany | Dobrzyna | Dobrzyń nad Wisłą | Dolsk
60%
Dusseldorf, Duisburg 3 Dubiecko | Dukla | Duszniki-Zdrój
58%
Munster 2 Murowana Goślina | Muszyna
50%
Berlin 2 Bełchatów | Bełżyce
47%
Nie znaleziono quizów pasujących do podanych kryteriów
Rozkład punktacji
Procent ludzi z każdym wynikiem
Percentyl według liczby udzielonych odpowiedzi
Twoja historia wyników
Nie rozwiązałeś tego quizu